The history and antiquities of the county of Rutland compiled from the works of the most approved historians, national records, and other authentic documents, public and private (Record no. 114058)

MARC details
000 -LEADER
fixed length control field 00685cam a22001815a 4500
001 - CONTROL NUMBER
control field L156151
008 - FIXED-LENGTH DATA ELEMENTS--GENERAL INFORMATION
fixed length control field 120501s1811 xxk f 000 0 eng d
035 ## - SYSTEM CONTROL NUMBER
System control number (Sirsi) u156151
041 0# - LANGUAGE CODE
Language code of text/sound track or separate title eng
100 1# - MAIN ENTRY--PERSONAL NAME
Personal name Blore, Thomas
Dates associated with a name 1764-1818
245 04 - TITLE STATEMENT
Title The history and antiquities of the county of Rutland compiled from the works of the most approved historians, national records, and other authentic documents, public and private
260 ## - PUBLICATION, DISTRIBUTION, ETC.
Place of publication, distribution, etc. Stanford
Name of publisher, distributor, etc. printed for the author by R. Newcomb & Son
Date of publication, distribution, etc. 1811
300 ## - PHYSICAL DESCRIPTION
Extent [8], 230, [6] p.
Dimensions 59 cm.
583 0# - ACTION NOTE
Action Condition reviewed
Time/date of action 20120620
Status condition level 2
651 #4 - SUBJECT ADDED ENTRY--GEOGRAPHIC NAME
Geographic name England
Chronological subdivision 886-
690 ## - LOCAL SUBJECT ADDED ENTRY--TOPICAL TERM (OCLC, RLIN)
Topical term or geographic name as entry element Arts and antiques
9 (RLIN) 6217
942 ## - ADDED ENTRY ELEMENTS (KOHA)
Suppress in OPAC 0
Holdings
Withdrawn status Lost status Source of classification or shelving scheme Damaged status Not for loan Home library Current library Shelving location Date acquired Total Checkouts Full call number Barcode Date last seen Copy number Price effective from Koha item type
    Dewey Decimal Classification     Historic collection Historic collection Historic collection 01/05/2012   FOLIO 1811 BLORE 30075538 06/08/2019 1 06/08/2019 Book